Cell biology genetics molecular biology evolution and ecology / (Record no. 187287)
[ view plain ]
| 000 -LEADER | |
|---|---|
| fixed length control field | 00726nam a2200229Ia 4500 |
| 005 - DATE AND TIME OF LATEST TRANSACTION | |
| control field | 20220903100137.0 |
| 008 - FIXED-LENGTH DATA ELEMENTS--GENERAL INFORMATION | |
| fixed length control field | 210716s2005 xx 000 0 und d |
| 020 ## - INTERNATIONAL STANDARD BOOK NUMBER | |
| International Standard Book Number | 8121924421 |
| 040 ## - CATALOGING SOURCE | |
| Transcribing agency | AIMIT LIBRARY |
| 041 ## - LANGUAGE CODE | |
| Language code of text/sound track or separate title | eng |
| 082 ## - DEWEY DECIMAL CLASSIFICATION NUMBER | |
| Classification number | 574.87 |
| Edition number | 1 |
| Item number | VERP |
| 100 ## - MAIN ENTRY--PERSONAL NAME | |
| Personal name | Verma, P S. |
| 9 (RLIN) | 56434 |
| 245 ## - TITLE STATEMENT | |
| Title | Cell biology genetics molecular biology evolution and ecology / |
| Statement of responsibility, etc. | By P S Verma and V K Agarwal. |
| 250 ## - EDITION STATEMENT | |
| Edition statement | 1st ed. |
| 260 ## - PUBLICATION, DISTRIBUTION, ETC. | |
| Place of publication, distribution, etc. | New Delhi : |
| Name of publisher, distributor, etc. | S Chand and Company Ltd , |
| Date of publication, distribution, etc. | 2005. |
| 300 ## - PHYSICAL DESCRIPTION | |
| Extent | xxiii, 294p. ; |
| Dimensions | 23.5 cm. |
| 650 ## - SUBJECT ADDED ENTRY--TOPICAL TERM | |
| Topical term or geographic name entry element | Techniques in cell biology |
| 9 (RLIN) | 56435 |
| 650 ## - SUBJECT ADDED ENTRY--TOPICAL TERM | |
| Topical term or geographic name entry element | Cytoplasmic matrix |
| 9 (RLIN) | 56436 |
| 650 ## - SUBJECT ADDED ENTRY--TOPICAL TERM | |
| Topical term or geographic name entry element | Ribosomes |
| 9 (RLIN) | 56437 |
| 700 ## - ADDED ENTRY--PERSONAL NAME | |
| Personal name | Agarwal, V K. |
| 9 (RLIN) | 56438 |
| 942 ## - ADDED ENTRY ELEMENTS (KOHA) | |
| Source of classification or shelving scheme | Dewey Decimal Classification |
| Koha item type | Book |
| Edition | 1st |
| Call number prefix | 574.87 VERP |
| Withdrawn status | Lost status | Source of classification or shelving scheme | Damaged status | Not for loan | Collection code | Home library | Current library | Source of acquisition | Cost, normal purchase price | Inventory number | Total Checkouts | Full call number | Barcode | Date last seen | Cost, replacement price | Price effective from | Koha item type | Date last checked out |
|---|---|---|---|---|---|---|---|---|---|---|---|---|---|---|---|---|---|---|
| Dewey Decimal Classification | MCA | St Aloysius Institute of Management & Information Technology | St Aloysius Institute of Management & Information Technology | Sita Book House | 410.00 | Bill no:6055; Bill dt:2005-06-28 | 574.87 VERP | MCA06589 | 07/21/2025 | 328.00 | 07/16/2021 | Book | ||||||
| Dewey Decimal Classification | MCA | St Aloysius Institute of Management & Information Technology | St Aloysius Institute of Management & Information Technology | Sita Book House | 410.00 | Bill no:6055; Bill dt:2005-06-28 | 574.87 VERP | MCA06590 | 07/21/2025 | 328.00 | 07/16/2021 | Book | ||||||
| Dewey Decimal Classification | MCA | St Aloysius Institute of Management & Information Technology | St Aloysius Institute of Management & Information Technology | Sita Book House | 410.00 | Bill no:6055; Bill dt:2005-06-28 | 1 | 574.87 VERP | MCA06591 | 07/21/2025 | 328.00 | 07/16/2021 | Book | 09/23/2024 | ||||
| Dewey Decimal Classification | Reference Book | MCA | St Aloysius Institute of Management & Information Technology | St Aloysius Institute of Management & Information Technology | Higginbothams Pvt Ltd | 410.00 | Bill no:6750; Bill dt:2005-09-05 | 574.87 VERP | MCA06795 | 07/21/2025 | 328.00 | 07/16/2021 | Book |